| Tag |
First Indicator |
Second Indicator |
Subfields |
| LEADER |
00000cam a22000001a 4500 |
| 001 |
in00003316539 |
| 006 |
m d f |
| 007 |
cr bn mmmapmmp |
| 008 |
100520s1961 dcu o f000 0 eng d |
| 005 |
20260501141551.9 |
| 035 |
|
|
|a cis2007837972
|
| 040 |
|
|
|a LexisNexis
|c LexisNexis
|d UtOrBLW
|
| 043 |
|
|
|a n-us---
|
| 099 |
|
|
|a CMP-1961-FOA-0020
|
| 110 |
1 |
|
|a United States.
|b Congress.
|b House.
|b Committee on Foreign Affairs.
|
| 245 |
1 |
0 |
|a Amendment Offered by Hon. Edna F. Kelly on Oceanography, Together with Statement and Supporting Papers.
|
| 264 |
|
1 |
|a [Place of publication not identified] :
|b [publisher not identified],
|c 1961.
|
| 300 |
|
|
|a 1 online resource.
|
| 336 |
|
|
|a text
|b txt
|2 rdacontent
|
| 337 |
|
|
|a computer
|b c
|2 rdamedia
|
| 338 |
|
|
|a online resource
|b cr
|2 rdacarrier
|
| 500 |
|
|
|a Record is based on bibliographic data in LexisNexis U.S. Congressional Research Digital Collection (last viewed May 2010). Reuse except for individual research requires license from LexisNexis.
|
| 500 |
|
|
|a Print.
|
| 520 |
|
|
|a Contains breakdown by friendly foreign country of ships available for oceanographic research, and funds required for instruments, technical assistance, and ship operating costs.
|
| 500 |
|
|
|a Electronic resource.
|
| 650 |
|
0 |
|a Economic assistance.
|
| 650 |
|
0 |
|a Science
|x International cooperation.
|
| 650 |
|
0 |
|a Oceanography.
|
| 655 |
|
7 |
|a Electronic books.
|2 local
|
| 710 |
2 |
|
|a ProQuest (Firm)
|
| 776 |
0 |
8 |
|i Microfiche version:
|a United States. Congress. House. Committee on Foreign Affairs.
|t Amendment Offered by Hon. Edna F. Kelly on Oceanography, Together with Statement and Supporting Papers.
|o H7308
|
| 830 |
|
0 |
|a U.S. Congressional Research.
|
| 856 |
4 |
0 |
|u http://proxy.library.tamu.edu/login?url=https://congressional.proquest.com/congcomp/getdoc?CRDC-ID=CMP-1961-FOA-0020
|z Connect to the full text of this electronic book
|t 0
|
| 999 |
|
|
|a MARS
|
| 999 |
f |
f |
|s b50503df-6958-3a03-a21a-59ca6e4722bc
|i ead26972-bd40-30fa-9639-715275f74a47
|t 0
|
| 952 |
f |
f |
|a Texas A&M University
|b College Station
|c Electronic Resources
|s www_evans
|d Available Online
|t 0
|e CMP-1961-FOA-0020
|h Other scheme
|
| 998 |
f |
f |
|a CMP-1961-FOA-0020
|t 0
|l Available Online
|